000 00668nam a2200181 i 4500
001 26304
003 ES-MaACL
005 20230906153423.0
007 t|
008 030108s1967 sp f |||| | spa d
100 1 _aAulestia, Salvador.
_923907
245 1 3 _aLa fiesta de los toros o La fiesta nacional española
_b: versión filosófica, mítica, esotérica y teúrgica de la fiesta, reveladora de sus aspectos más profundos y trascendentes /
_cSalvador Aulestia.
260 _aBarcelona :
_bScholz,
_c1967.
300 _a152 p., 57 lám ;
_c32 cm.
650 4 _aCorridas de toros.
_911370
740 3 2 _aLa fiesta nacional española.
852 _aES-MaACL
_jC-29041
999 _c26304
_d26304